000
00483nam a2200169Ia 4500
008
090711s9999 xx 000 0 und d
082
_b
852
100
_a
इनामदार ना. स.
245
_a
राऊ
260
_b
कॉन्टीनेन्टल प्रकाशन
_c
1999
300
_a
418
600
_a
इनामदार ना. स.
630
_a
राऊ
700
_a
इनामदार ना. स.
730
_a
राऊ
942
_c
BOOK
999
_c
337841
_d
337841